Responses for show #6916 - Monday, October 13, 2014

Alex shaves his mustache again.

Contestants

[<< previous game]

Amanda Brown, a graphic artist from Dallas, Texas

Dan Tran, a Ph.D. student in physics originally from Boston, Massachusetts

Shane Curtis, an assistant professor from Lansing, Kansas (whose 1-day cash winnings total $18,401)

[next game >>]

Jeopardy! Round responses

QUESTIONABLE GRAMMAR IN LYRICS
PUPPY LOVE
FOOD & DRINK
OFFICIAL LANGUAGES
(Alex: We will give you the official language. You give us the country.)
CAUSE OF DEATH?
HILARIOUSNESS!
    $200 12
a double negative

Shane
    $200 6
a Cocker spaniel

Amanda
    $200 1
India

Dan
    $200 9
Israel

Shane
    $200 18
(Amanda: What is drawing and quartering?)

beheading

DanAmanda
    $400 13
a preposition

Dan
    $400 7
Chihuahua

Dan
    $400 2
Irish whiskey

Shane
    $400 10
Burundi

Triple Stumper
    $400 19
TB

Triple Stumper
    $2,000 14
subject & predicate

Dan
    $600 24
cloning

Shane
    $600 3
apple juice

Amanda
    $600 8
(Amanda: What is Spain?)
(Shane: What is Hungary?)

Madagascar

ShaneAmanda
Triple Stumper
    $600 20
(Alex: Good, with a minute to go.)

Romania

Shane
    $800 15
(Dan: What is me?)
(Shane: What is subjective case?)

the objective case

ShaneDan
Triple Stumper
    $800 25
Jack Russells

Triple Stumper
    $800 4
saffron

Shane
    $800 11
South Africa (or Zimbabwe)

Triple Stumper
    $800 21
stabbing

Dan
    $1000 16
the subjunctive mood

Triple Stumper
    $1000 26
[The end-of-round signal sounds.]

Khrushchev

Shane
    $1000 5
(Amanda: What is tartare?)

crudo

DanAmanda
    $1000 17
Iraq

Dan
    $1000 23
Bruno Hauptmann

Triple Stumper
    $1000 22
Roger

Amanda

Scores at the first commercial break (after clue 14):

Shane Dan Amanda
$1,000 $4,000 -$800

Scores at the end of the Jeopardy! Round:

Shane Dan Amanda
$2,400 $5,200 $0

Double Jeopardy! Round responses

POEMS
THE CAST OF FAST TIMES AT RIDGEMONT HIGH
SAINTLY WOMEN
INTERNATIONAL TRADE
ON A "ROLL"
A CONFEDERACY OF DUNCES
    $400 18
"Casey at the Bat"

Dan
    $400 1
E.R.

Dan
    $400 7
lightning

Shane
    $400 4
the exchange rate

Dan
    $400 12
bankroll

Shane
    $400 20
Richmond

Shane
    $800 19
the village blacksmith

Triple Stumper
    $800 2
(Dan: Who is Shue?)

Nicolas Cage

Dan
Triple Stumper
    $800 17
(Dan: Who is Joan of Arc?)

Saint Bernadette

Dan
Triple Stumper
    $800 8
Germany

Shane
    $800 13
droll

Shane
    $800 21
the Mississippi

Shane
    $1200 3
Sean Penn

Shane
    $1200 25
Paris

Triple Stumper
    $1200 9
dumping

Triple Stumper
    $1200 14
rollback

Shane
    $2,000 22
(Shane: What is Gettysburg?)
(Alex: Oh, no. No, sorry. [*] is in Maryland.)
(Shane: Of course.)
(Alex: Gettysburg in Pennsylvania.)

Antietam

Shane
    $1600 5
Beverly Hills Cop

Shane
    $1600 28
[The end-of-round signal sounds.]

Saint Veronica

Triple Stumper
    $1600 10
globalization

Triple Stumper
    $1600 15
scroll

Shane
    $1600 23
Jeb Stuart

Dan
    $2000 27
a Grecian urn

Triple Stumper
    $2000 6
Forest Whitaker

Dan
    $2000 26
(Alex: The mother of Constantine the Great, [*].)

Saint Helena

Triple Stumper
    $2,000 11
(Shane: What is Costa Rica?)

Panama

Shane
    $2000 16
a steamroller

Amanda
    $2000 24
(Alex: Yes, with a minute to go.)

Jubal Early

Dan

Scores at the end of the Double Jeopardy! Round:

Shane Dan Amanda
$7,600 $10,400 $2,000

[wagering suggestions for these scores]

Final Jeopardy! Round responses

SPORTS FIGURES
(Alex: Interesting. For the second time this year, and it's a very short year so far, we have co-champions. Dan Tran goes home with $5,600. Shane Curtis has a two-day total of $24,001. And Amanda will go home with $2,000.)
AmandaWho is Joe Joe Louis?
$0
ShaneWho is Mickey Mantle?
$2,000
DanWho is Babe Ruth?
$4,800
Jackie Robinson

Final scores:

Shane Dan Amanda
$5,600 $5,600 $2,000
2-day co-champion: $24,001 New co-champion: $5,600 2nd place: $2,000

Game dynamics:

Coryat scores:

Shane Dan Amanda
$11,600 $9,000 $2,000
17 R,
4 W
(including 2 DDs)
14 R
(including 1 DD),
3 W
4 R,
3 W

Combined Coryat: $22,600

The J! Archive is created by fans, for fans. The Jeopardy! game show and all elements thereof, including but not limited to copyright and trademark thereto, are the property of Jeopardy Productions, Inc. and are protected under law. This website is not affiliated with, sponsored by, or operated by Jeopardy Productions, Inc. Join the discussion at JBoard.tv.